Percepción extrasensoria
Guardat en:
| Autor principal: | |
|---|---|
| Autor corporatiu: | |
| Format: | Llibre |
| Idioma: | espanyol |
| Publicat: |
Buenos Aires
Eudeba
1968
|
| Edició: | 2a. ed |
| Col·lecció: | Temas de Eudeba - Psicología
|
| Matèries: | |
| Etiquetes: |
Afegir etiqueta
Sense etiquetes, Sigues el primer a etiquetar aquest registre!
|
MARC
| LEADER | 00000nam a2200000 a 4500 | ||
|---|---|---|---|
| 001 | UCT6342 | ||
| 003 | CL-VaPUC | ||
| 008 | 970106e19680000AG |||||||||||||||||spa|d | ||
| 082 | 0 | 4 | |a 133.8 |b PAR |2 21 |
| 100 | |a Parkes, A. S. |e autor |9 376434 | ||
| 110 | 2 | |a Foundation CIBA |e author |9 376435 | |
| 245 | 1 | 0 | |a Percepción extrasensoria |
| 250 | |a 2a. ed | ||
| 300 | |a 310 p | ||
| 942 | |c BK | ||
| 945 | |d 19970106 00:00:00 |a lriquelm | ||
| 260 | |a Buenos Aires |b Eudeba |c 1968 | ||
| 650 | 7 | |a PERCEPCION EXTRASENSORIAL |2 CL-VaPUC |9 309537 | |
| 650 | 7 | |a PARAPSICOLOGIA |2 CL-VaPUC |9 309534 | |
| 650 | 0 | |a Percepción |9 266750 | |
| 650 | 7 | |a CONOCIMIENTO INTUITIVO |2 CL-VaPUC |9 376436 | |
| 650 | 7 | |a CIENCIAS DEL COMPORTAMIENTO |2 CL-VaPUC |9 376437 | |
| 650 | 7 | |a TELEPATIA |2 CL-VaPUC |9 309536 | |
| 650 | 7 | |a PSICOKINESIA |2 CL-VaPUC |9 376438 | |
| 583 | |a last modification |c 19970106 00:00:00 |k Rodrigo Vera | ||
| 490 | 0 | |a Temas de Eudeba - Psicología | |
| 999 | |c 255055 |d 255053 | ||
| 952 | |0 0 |1 0 |4 0 |6 133_800000000000000_PAR_1968 |7 0 |8 A |9 277097 |a BIBDER |b BIBDER |d 2019-11-19 |i 1804308 |o 133.8 PAR 1968 |p 1804308 |r 2023-01-25 |w 2019-11-19 |y BK |k DER | ||